Guide to handling of tropical and subtropical forest seed (Registro nro. 20229)
[ vista simple ]
| 000 -CABECERA | |
|---|---|
| Campo de control | 00734nam a22002297a 4500 |
| 005 - FECHA Y HORA DE LA ULTIMA TRANSACCION | |
| Campo de control | 20180608142223.0 |
| 008 - ELEMENTOS DE LONGITUD FIJA—INFORMACION GENERAL | |
| Campo de control | 180608b2000 dk ||||fr|||| 00| 0 eng d |
| 020 ## - ISBN | |
| ISBN | 8798242865 |
| 040 ## - FUENTE DE CATALOGACIÓN | |
| Agencia catalogadora original | CO-BoIAVH |
| Agencia transcriptora | CO-BoIAVH |
| 041 ## - IDIOMA | |
| Código de idioma para texto/pista de sonido o título separado | Inglés |
| 044 ## - PAÍS DE PUBLICACIÓN | |
| País de publicación | Dinamarca |
| 082 10 - NUMERO DE CLASIFICACION DECIMAL DEWEY | |
| Número de clasificación | 631.521 |
| Número del ítem | S34g |
| 100 1# - ASIENTO PRINCIPAL--NOMBRE PERSONAL | |
| Nombre personal | Schmidt, Lars |
| Término relacionado | autor |
| 9 (RLIN) | 91500 |
| 245 10 - MENCION DE TITULO | |
| Título | Guide to handling of tropical and subtropical forest seed |
| 260 ## - PUBLICACION, DISTRIBUCION, ETC. (PIE DE IMPRENTA) | |
| Lugar de publicación, distribución, etc. | Dinamarca: |
| Nombre del editor, distribuidor, etc. | Danida Forest Seed Centre, |
| Fecha de publicación, distribución, etc. | 2000. |
| 300 ## - DESCRIPCION FISICA | |
| Extensión | 510 p., |
| 504 ## - NOTA DE BIBLIOGRAFIA, ETC. | |
| Nota de bibliografía | Incluye, glosario (p. 455), lista de figuras (p. 487) e índice (p. 493) |
| 590 ## - NOTA LOCAL | |
| Nota local | Marcado en la primera hoja con tinta azul JDPALACIO/05 |
| 650 14 - ASIENTO SECUNDARIO DE MATERIA - TERMINO TEMATICO | |
| Término temático o nombre geográfico como elemento de entrada | Cultivo de semillas |
| 9 (RLIN) | 91501 |
| 942 ## - ELEMENTOS ADICIONALES (KOHA) | |
| Sistema de clasificación | Dewey Decimal Classification |
| Tipo de ítem | Libro |
| 945 ## - PROCESAMIENTO LOCAL | |
| AAAA-MM-DD - Fecha de ingreso o modificacion | 2018-06-08 |
| Withdrawn status | Lost status | Sistema de Clasificación | Damaged status | No para préstamo | Colección | Ubicación Permanente | Ubicación actual | Fecha de adquisición | Fuente de Valor | Valor | Total Checkouts | Número topográfico | Inventario / Código de Barras | Date last seen | Ejemplar | Price effective from | Forma de adquisición | Tipo de material |
|---|---|---|---|---|---|---|---|---|---|---|---|---|---|---|---|---|---|---|
| Dewey Decimal Classification | General | Bogotá | Bogotá | 08/06/2018 | Amazon | 427000.00 | LB-631.521 S34g | 043558 | 08/06/2018 | Ej. 1 | 08/06/2018 | Donación | Libro |